Mythology Decoder - Statistics

General Stats
  • This quiz has been taken 2,571 times
  • The average score is 21 of 32
Answer Stats
Hint Answer % Correct
T A gift during the Trojan war Trojan {Horse}
98%
A His heel was his fatal flaw Achilles
95%
O Where the Greek gods live Olympus
93%
T Norse god that wields Mjölnir Thor
93%
U Magical horse with a shining horn Unicorn
90%
T Monster that lives under bridges Troll
89%
N Roman god of the sea Neptune
88%
A Greek god of war Ares
87%
H Strongman that completed 12 labors Hercules
87%
R Ancient Egyptian sun god Ra
84%
Y What the Abominable Snowman is Yeti
81%
E King Arthur's sword Excalibur
80%
H He terrified Sleepy Hollow {Headless} Horseman
79%
N Greek goddess of victory Nike
77%
R Rogue of Sherwood Forest Robin Hood
77%
E The Greek version of Cupid Eros
74%
D Roman goddess of the hunt Diana
68%
V Where Valkyries live Valhalla
67%
E Colombian city of gold El Dorado
65%
E Greek fields of paradise Elysium
63%
O Norse god of knowledge and royalty Odin
63%
M Wizard who aged backwards Merlin
62%
N Nature spirit, like the Nereids Nymph
62%
T Pit where the Titans were imprisoned Tartarus
55%
D Fiend, devil or other malevolent being Demon
53%
Y The Nordic world tree Yggdrasil
49%
S Charbydis's counterpart Scylla
44%
F German who sold his soul to the Devil Faust
37%
Myths are not invented; they are found.
25%
N Serpent deities in Hindu & Buddhist mythology; Voldemort's snake was named for them Naga
22%
I Fire Jinn from Arabian folklore Ifrit
11%
E Two or three-headed giant Ettin
7%
No matching quizzes found
Score Distribution
Percent of People with Each Score
Percentile by Number Answered
Your Score History
You have not taken this quiz